| 000 | 00000nam 2200000zi 4500 |
| 001 | 9.911576 |
| 003 | CaOODSP |
| 005 | 20250520120625 |
| 006 | m o d f |
| 007 | cr mn||||||||| |
| 008 | 220525t20222022onca obi f000 0 eng d |
| 020 | |a9780660436890 |
| 040 | |aCaOODSP|beng|erda|cCaOODSP |
| 043 | |an-cn-qu|an-cn--- |
| 086 | 1 |aNR24-20/1-2022E-PDF |
| 245 | 00|aQuebec Construction Code, chapter I - building, and National Building Code of Canada 2015 (amended) / |cissued by the National Research Council of Canada. |
| 250 | |aFourth edition 2022. |
| 264 | 1|aOttawa : |bNational Research Council of Canada, |c2022. |
| 264 | 4|c©2022 |
| 300 | |a1 online resource (1 volume (various pagings)) : |billustrations |
| 336 | |atext|btxt|2rdacontent |
| 337 | |acomputer|bc|2rdamedia |
| 338 | |aonline resource|bcr|2rdacarrier |
| 500 | |aIssued also in French under title: Code de construction du Québec, chapitre I– bâtiment, et Code national du bâtiment – Canada 2015 (modifié). |
| 500 | |a"First printing." |
| 500 | |a"NRCC-CONST-56594E." |
| 504 | |aIncludes bibliographical references and index. |
| 650 | 0|aBuilding laws|zCanada. |
| 650 | 0|aBuilding laws|zQuébec (Province) |
| 650 | 0|aBuildings|xStandards|zCanada. |
| 650 | 0|aBuildings|xStandards|zQuébec (Province) |
| 710 | 2 |aNational Research Council Canada, |eissuing body. |
| 710 | 1 |aCanada. |bNatural Resources Canada, |eissuing body. |
| 710 | 2 |aRégie du bâtiment du Québec, |eissuing body. |
| 775 | 08|tCode de construction du Québec, chapitre I– bâtiment, et Code national du bâtiment – Canada 2015 (modifié) / |w(CaOODSP)9.911575 |
| 776 | 0#|tQuebec Construction Code, chapter I : |w(CaOODSP)9.911574 |
| 794 | |tQuebec Construction Code, chapter I - building, and National Building Code of Canada 2020 (amended) / |w(CaOODSP)9.951212 |
| 856 | 40|qPDF|s17.20 MB|uhttps://publications.gc.ca/collections/collection_2024/cnrc-nrc/NR24-20-1-2022-eng.pdf |